000 00665nam a2200217Ia 4500
008 191130s2004##################000#0#eng##
020 _a826470025
022 _a2004299587
040 _aACL
_cACL
082 _aH59.L38 E43 2004 301.092
100 _aElden, Stuart
245 _aUnderstanding Henri Lefebvre : theory and the possible
_cStuart Elden
260 _aNew York
_bContinuum
_cc2004
300 _avi, 265 p. ; 24 cm
500 _aIncludes bibliographical references and index
650 _aLefebvre, Henri, 1901-1991
650 _aSocial sciences - Philosophy
990 _aed8a2f9eac10000c353206280195ca0f
991 _a251401
999 _c306893
_d306893